| 000 | 00916nam a22002777a 4500 | ||
|---|---|---|---|
| 003 | CHAP | ||
| 005 | 20220329134013.0 | ||
| 008 | 971013s1924 r 00010 d | ||
| 010 | _a13924 | ||
| 011 | _a14896 | ||
| 035 | _a18970 | ||
| 040 | _cCHAP | ||
| 090 | _aFolleto 532 | ||
| 100 |
_aBélgica. Leyes, decretos, etc. _9175406 |
||
| 245 | _aPréts agricoles. Loi du. Loi du 15 avril 1884, arrété royal, reglement, marche a suivre, formules etc. | ||
| 260 |
_aBruxelles : _bCaisse Générale d'épargne et de retraite, _c1924 |
||
| 300 | _a30 p. | ||
| 590 |
_aBATCH-UPD _b10 _c20130110 _lUCH01 _h2322 |
||
| 590 |
_aBATCH-UPD _b10 _c20130410 _lUCH01 _h1612 |
||
| 590 |
_aBATCH-UPD _b10 _c20130914 _lUCH01 _h1100 |
||
| 590 |
_aCONVERSION _b10 _c20130109 _lUCH01 _h1309 |
||
| 650 | 1 | 4 |
_aCrédito agrícola _xBélgica. _929035 |
| 901 | _aBK | ||
| 942 | _cFOLL | ||
| 949 |
_aFolleto 532 _bBC _cFOLL _d-44107 _eTS1 _i18970 _si |
||
| 999 |
_c13924 _d13924 |
||